000 00751nam a2200289Ia 4500
005 20260324112142.0
008 008 260324s9999 xx 000 0 eng d
020 _a9781003559245
037 _aEBOOK
040 _aCRL
040 _beng
040 _cCRL
041 _2eng
041 _aeng
084 _qCRL
100 _aClaire Thi-Liên Tran; Suthiphand Chirathivat; Prabir De
_91141509
245 0 _aIndo-Pacific and ASEAN
245 0 _bNew Balances and New Challenges for Asian Integration and Stability
260 _bTaylor and Francis
260 _c2024
365 _a
365 _b165
856 _uhttp://www.taylorfrancis.com/books/9781003559245
942 _cEBOOK
999 _c1730615
_d1730615